A declaration by Congregationall societies in, and about the city of London; : as well of those commonly called Anabaptists, as others. In way of vindication of themselves. Touching 1. Liberty, 2. Magistracy, 3. Propriety, 4. Polygamie. Wherein their judgments, concerning the particulars mentioned are tendred to consideration, to prevent mis-understanding.

Bibliographic Details
Format: eBook
Language:English
Published: [London] : Printed by M. Simmons for Henry Overton in Popes-head Alley, 1647.
Series:Early English books online.
Subjects:
Online Access:Connect to the full text of this electronic book

MARC

Tag First Indicator Second Indicator Subfields
LEADER 00000nam a2200000 4500
001 in00004288917
005 20200813075738.0
006 m g d
007 cr bn |||a|bb|
008 930920s1647 enk o 00| | eng d
035 |a (UnM)99863979 
037 |a CL0051000002  |b ProQuest Information and Learning. 300 N. Zeeb Rd., Ann Arbor, MI 48106 
040 |a Cu-RivES  |c Cu-RivES  |d CStRLIN  |e dcrb  |d WaOLN 
245 0 2 |a A declaration by Congregationall societies in, and about the city of London; :  |b as well of those commonly called Anabaptists, as others. In way of vindication of themselves. Touching 1. Liberty, 2. Magistracy, 3. Propriety, 4. Polygamie. Wherein their judgments, concerning the particulars mentioned are tendred to consideration, to prevent mis-understanding. 
260 |a [London] :  |b Printed by M. Simmons for Henry Overton in Popes-head Alley,  |c 1647. 
300 |a 1 online resource (8, 7-13, [1] pages) 
336 |a text  |b txt  |2 rdacontent 
337 |a computer  |b c  |2 rdamedia 
338 |a online resource  |b cr  |2 rdacarrier 
500 |a Annotation on Thomason copy: "Nouemb. 22nd". 
500 |a Reproduction of the original in the British Library. 
510 4 |a Wing (2nd edition, 1994)  |c D561. 
510 4 |a Thomason  |c E.416[20]. 
533 |a Electronic reproduction.  |b Ann Arbor, Mich. :  |c UMI,  |d 1999-  |f (Early English books online)  |n Digital version of: (Thomason Tracts ; 66:E416[20])  |7 s1999 miun s 
650 0 |a Congregational churches  |z England  |z London  |v Apologetic works  |v Early works to 1800. 
650 0 |a Dissenters, Religious  |z England  |v Early works to 1800. 
650 0 |a Anabaptists  |z England  |v Early works to 1800. 
830 0 |a Early English books online. 
856 4 0 |u http://proxy.library.tamu.edu/login?url=https://search.proquest.com/docview/2240896349  |z Connect to the full text of this electronic book  |t 0 
999 f f |s 5b3d5e74-68f2-3dbf-83b6-db9bf895f8be  |i 51e0dd29-e069-33d2-96ed-8554d0f48f66  |t 0 
952 f f |a Texas A&M University  |b College Station  |c Electronic Resources  |d Available Online  |t 0  |h No information provided 
998 f f |t 0  |l Available Online